Most Guessed States on the Fifty States in 1 Minute Quiz on JetPunk - Statistics

General Stats
  • This quiz has been taken 49 times
  • The average score is 8 of 10
Answer Stats
% guessed State % Correct
85% California
96%
69% Florida
96%
61% New York
96%
71% Washington
96%
74% Texas
93%
61% Alaska
80%
59% Arizona
76%
60% Oregon
76%
59% Nevada
67%
63% Idaho
57%
No matching quizzes found
Score Distribution
Percent of People with Each Score
Percentile by Number Answered
Your Score History
You have not taken this quiz